| 000 | 00399nam a22001577a 4500 | ||
|---|---|---|---|
| 020 | _a9789388768146 | ||
| 082 |
_aM100 7 _bAJA/V |
||
| 100 | _aAjayakumar N | ||
| 245 |
_aVakkile nerangal/ _cby Ajayakumar N |
||
| 260 |
_aThrissur: _bKerala Sahitya Akademi, _c2019. |
||
| 300 | _a300p. | ||
| 650 | _aPoetry Malayalam Study | ||
| 650 | _aLiterature Malayalam | ||
| 650 | _aLiterature | ||
| 942 | _cBK | ||
| 999 |
_c181856 _d181856 |
||